Finance a úvěr

Gespeichert in:
Bibliographische Detailangaben
Format: Schriftenreihe
Sprache:Tschechisch
Veröffentlicht: Praha Economia 1992
Schlagworte:
Tags: Tag hinzufügen
Keine Tags, Fügen Sie das erste Tag hinzu!

MARC

LEADER 00000nas2a2200000 4500
001 s016265
005 20240109094415.9
022 |a 0015-1920 
041 0 |a cze 
044 |a CZ 
245 1 0 |a Finance a úvěr 
264 1 |a Praha  |b Economia  |c 1992 
300 |a 3 zv. 
773 0 |w eu_un_cat*s120052 
610 2 0 |a financie 
610 2 0 |a úver 
610 2 0 |a politika finančná